00541 2200193 4500001002100000008004100021035002000062245006400082100001800146260003200164300002400196020002200220084001700242520003000259082001100289650002300300990001200323990001200335INLIS000000000015044 ind  a0010-1222000123 aMenulislah Mulai Hari InicZakiah Latif;editor, Pramudianto aZAKIAH, Latif aNamina BooksbDepok :c2020 avi, 158 hlmc21 cm. a978-602-60229-5-0 a372.63 ZAK m aBibliografi.: 141-142 hlm a372.63 aPENDIDIKAN.MENULIS a10252 a a10252 b